Quiz wiedzy ogólnej o skokach narciarskich #5 - Statystyki

Ogólne statystyki
  • Ten quiz został rozwiązany 23 razy
    2 od ostatniego zresetowania
  • Średni wynik to 11 z 15
Statystyki odpowiedzi
Zagadnienie Odpowiedź % Poprawnych
Kto wygrał konkurs indywidualny na skoczni normalnej na igrzyskach olimpijskich w Pjongczangu w 2018? Andreas Wellinger
100%
Kto wygrał konkurs drużynowy na skoczni dużej na igrzyskach olimpijskich w Pekinie w 2022? Austria
100%
Kto jest rekordzistą Słowacji w skoku narciarskim? {Hektor Kapustik}(202,0m)
100%
Kto jest rekordzistą Koreii Południowej w skoku narciarskim? {Heung-chul Choi}(207,5m)
100%
Kto wygrał konkurs indywidualny na skoczni dużej na igrzyskach olimpijskich w Pjongczangu w 2018? Kamil Stoch
100%
Kto wygrał konkurs indywidualny na skoczni dużej na igrzyskach olimpijskich w Pekinie w 2022? Marius Lindvik
100%
Kto wygrał konkurs drużynowy na skoczni dużej na igrzyskach olimpijskich w Pjongczangu w 2018? Norwegia
100%
Kto wygrał konkurs indywidualny na skoczni normalnej na igrzyskach olimpijskich w Pekinie w 2022? Ryoyu Kobayashi
100%
Kto wygrał konkurs drużyn mieszanych na skoczni normalnej na igrzyskach olimpijskich w Pekinie w 2022? Słowenia
100%
Kto jest rekordzistą Rumunii w skoku narciarskim? {Andrei Feldorean}(133,0m)
50%
Kto jest rekordzistą Hiszpanii w skoku narciarskim? {Bernat Solà}(141,5m)
50%
Kto jest rekordzistą Gruzji w skoku narciarskim? {Koba Cakadze}(142,0m)
50%
Kto jest rekordzistą Grecji w skoku narciarskim? {Nikos Polichronidis}(186,0m)
50%
Jedyny polski skoczek narciarski, który brał udział w olimpiadzie w Chamonix w 1924r. Andrzej Krzeptowski
0%
Kto jest rekordzistą Chin w skoku narciarskim? {Zhao Jiawen}(144,0m)
0%
Nie znaleziono quizów pasujących do podanych kryteriów
Rozkład punktacji
Procent ludzi z każdym wynikiem
Percentyl według liczby udzielonych odpowiedzi
Twoja historia wyników
Nie rozwiązałeś tego quizu od ostatniego zresetowania